|
|
|
|
| LEADER |
00000nab a2200000Ia 4500 |
| 001 |
vtls010822757 |
| 003 |
SK-MaSNL |
| 005 |
20260304165253.0 |
| 008 |
230121|1977 xo |||||||||||||||||slo| |
| 035 |
|
|
|a (urnnbn)urn:nbn:sk:snk:ar-a061zn
|
| 035 |
|
|
|a urn:nbn:sk:snk-ab5pnz
|
| 035 |
|
|
|a (uuid)ffc65709-6131-46bc-b959-946f17eba7ed
|
| 040 |
|
|
|a SNKBUCL
|b slo
|c SNKBUCL
|e AACR2
|
| 041 |
0 |
|
|a slo
|
| 044 |
|
|
|a xo
|c SK
|
| 100 |
1 |
|
|a Vozar, Libor
|4 aut
|9 333425
|
| 245 |
1 |
0 |
|a MESTO Z TISÍC A JEDNEJ NOCI
|b Príbehy a zaujímavosti z Iraku
|c Libor Vozar
|
| 650 |
0 |
7 |
|a príbehy
|2 SNKPH
|9 275801
|
| 650 |
0 |
7 |
|a všeobecnosti a zaujímavosti
|2 SNK
|9 4162
|
| 651 |
|
7 |
|a Irak
|2 SNKPH
|9 28953
|
| 651 |
|
7 |
|a Bagdad (Irak)
|2 SNKPH
|9 105525
|
| 773 |
0 |
|
|t Výživa a zdravie : časopis pre výživu a zdravý životný štýl
|g Roč. 22, č. 4 (1977), s. 89-90
|
| 954 |
|
|
|a odborná, vedecká literatúra pôvodná (slovenská)
|2 lita
|
| 958 |
|
|
|a OND
|
| 958 |
|
|
|a EUIPO
|
| 958 |
|
|
|a article5
|
| 999 |
|
|
|c 2983607
|d 2985537
|